Latein-Vokabeln 4. Lektion - Statistiken

Allgemein
  • Dieses Quiz wurde 44 mal gespielt
  • Das Durchschnittsergebnis liegt bei 12 aus 25
Antwortstatistiken
Lateinische Vokabeln Deutsche Übersetzung % Korrekt
homo, hominis (m) der Mensch / der Mann / (Pl. auch) die Leute
84%
consul, consulis (m) der Konsul
79%
senator, senatoris (m) der Senator
79%
intrare, intro eintreten / (hinein)gehen (in) / betreten
76%
videre, video sehen
76%
amor, amoris (m) die Liebe
71%
populus, populi (m) das Volk / das Publikum
68%
sedere, sedeo (da)sitzen
66%
deus, dei (m) / auch di / dea, deae (f) der Gott / die Göttin
66%
regina, reginae (f) die Königin
58%
dare, do (von sich) geben / gestatten
58%
verbum, verbi (n) das Wort
55%
signum, signi (n) das Zeichen / das Merkmal
55%
ave! sei gegrüßt!
47%
cogitare, cogito denken (an) / nachdenken (über) / (m. Inf.) beabsichtigen
42%
diu lange / lange Zeit
39%
spectaclum, spectaculi (n) das Schauspiel / die Veranstaltung / die Vorführung
32%
clamor, clamoris (m) der Schrei / der Ruf / das Geschrei
29%
tandem endlich / schließlich
29%
neque und...nicht / auch...nicht / aber...nicht
29%
avus, avi (m) der Großvater
16%
incitare, incito antreiben / anfeuern
5%
simulacrum, simulacri (n) das Bild
3%
furor, fororis (m) das Toben / der Wahnsinn / die Raserei
0%
ardor, ardoris (m) die Hitze / die Begeisterung / das Temperament
0%
Keine übereinstimmenden Quizze gefunden
Verteilung der Resultate
Anzahl Personen mit jedem Resultat
Perzentil nach korrekt beantworteten Fragen
Ihre Resultats-Entwicklung
Sie haben dieses Quiz noch nicht gespielt